000 00326nam a22001337a 4500
020 _a8175155094
082 _222
_a531.19
100 _aPrasad, V. S.
245 _aMechanics of solids /
250 _a2nd.
260 _aNew Delhi,
_bGalgotia Publications,
_cc2006.
300 _a596 p. ;
_bill. ;
_c24 cm.
942 _2ddc
_cMEC
_01
999 _c216
_d216